000 00382 a2200145 4500
005 20250405093939.0
020 _a0-06-044071-6
082 _a519.5 LEV
100 _aLEVIN, J.
245 _aElementary Statistics in Social Research
250 _a3rd Ed.
260 _aNew York,
_bHarper & Row,
_c1983.
300 _axii, 318p.: figure, graph, table
_bIndex.
_c24cm.
942 _2ddc
_cBKS
999 _c1165
_d1165